000 00351nam a2200145Ia 4500
005 20251222175927.0
008 251222s9999||||xx |||||||||||||| ||spa||
020 _a9786071708946
082 _a658/L88
100 _aLópez Palomino, Raúl
245 0 _aInteligencia Sistemática:
250 _a1ra.ed.
264 _bEditorial Trillas
942 _cLIB
999 _c40904
_d40904